Central Library OPAC University of Rajshahi

Electrycity and Magnitism: (Record no. 99)

MARC details
000 -LEADER
fixed length control field 00677nam a22002297a 4500
001 - CONTROL NUMBER
control field 99
003 - CONTROL NUMBER IDENTIFIER
rucl marc code BD-RjUL
005 - DATE AND TIME OF LATEST TRANSACTION
control field 20211208233119.0
008 - FIXED-LENGTH DATA ELEMENTS--GENERAL INFORMATION
fixed length control field 131116r19451960-ukaddd|||||| |0| 0 eng d
035 ## - SYSTEM CONTROL NUMBER
System control number (BD-RjUL) 108
040 ## - CATALOGING SOURCE
Original cataloging agency BD-RjUL
Language of cataloging eng
Transcribing agency BD-RjUL
041 ## - LANGUAGE CODE
Language code of text/sound track or separate title eng
082 04 - DEWEY DECIMAL CLASSIFICATION NUMBER
Edition number 16
Classification number 537.1
Author mark and year RAE
100 ## - MAIN ENTRY--PERSONAL NAME
Personal name Ramsey, A. S.
9 (RLIN) 331
245 ## - TITLE STATEMENT
Title Electrycity and Magnitism:
Remainder of title an introduction to the mathematical theory /
Statement of responsibility, etc. A. S. RAMSEY
260 ## - PUBLICATION, DISTRIBUTION, ETC. (IMPRINT)
Place of publication, distribution, etc. Great Britain:
Name of publisher, distributor, etc. University press,
Date of publication, distribution, etc. 1945 [reprinted1946-1960]
300 ## - PHYSICAL DESCRIPTION
Pagination x, 267 p. :
Illustrations ill. ;
Size 22 cm
526 ## - STUDY PROGRAM INFORMATION NOTE
Program name language
Requested Dept. Applied physics.
650 #7 - SUBJECT ADDED ENTRY--TOPICAL TERM
Topical term or geographic name as entry element Electricity.
9 (RLIN) 240
Topical term or geographic name as entry element Magnetism
9 (RLIN) 240
942 ## - ADDED ENTRY ELEMENTS (KOHA)
Source of classification or shelving scheme Dewey Decimal Classification
Koha item type Books
Holdings
Lost status Source of classification or shelving scheme Damaged status Not for loan Collection code Permanent Location Current Location Shelving location Date acquired Source of acquisition Cost, normal purchase price Total Checkouts Full call number Date last seen Copy number Koha item type
  Dewey Decimal Classification     Non-fiction Central Library, University of Rajshahi Central Library, University of Rajshahi   12/05/1959 B.H. Blackwell LTD 0.00   537 RAE 1956 07/11/2013 C-3 Books
  Dewey Decimal Classification     Non-fiction Central Library, University of Rajshahi Central Library, University of Rajshahi   09/02/2063 zetlinger 17.00   537.1 RAE 1960 07/11/2013 C-8 Books